00357 2200157 4500001002100000005001500021008004100036035001900077041000700096082001000103090001600113100001400129245001400143300001800157650002400175INLIS00000000001403520241224114652241224||||||||| | ||| |||| || |  0010-1224014035 aid0 a355.3 a355.3 TIM y0 aKONPRENSI00aYUDHAGAMA a71hlm;18X25cm 0aadministrasi negara